Responses for Show #3550 - Friday, January 28, 2000

Lee Lassiter game 4.

Contestants

[<< previous game]

Cheryl Larson, a high school librarian from Pittsburg, Kansas

Mike Becker, a track & field coach from Miami, Florida

Lee Lassiter, a computer programmer from Topeka, Kansas (whose 3-day cash winnings total $38,400)

[next game >>]

Jeopardy! Round responses

THE 1930s
GET A JOB
MIND YOUR BUSINESS
THE NFL'S STAR QUARTERBACKS
(Alex: You have to ID their team.)
OLD TESTAMENT PEOPLE
A PERFECT LETTER
    $100 14
Empire State Building

Cheryl
    $100 4
Short order cook

Lee
    $100 5
Demand

Mike
    $100 1
San Francisco 49ers

Mike
    $100 9
Abel

Mike
    $100 3
Sincerely

Lee
    $200 15
Ma Barker

Mike
    $200 26
Accompanist

Lee
    $200 17
Barons

Cheryl
    $200 2
Green Bay Packers

Lee
    $200 10
Abraham

Mike
    $200 22
a colon

Mike
    $300 16
Unamerican

Lee
    $300 27
Secretaries

Lee
    $300 18
Barter

Mike
    $300 6
(C: Who are the Seahawks?)

Miami Dolphins

LeeCheryl
    $300 11
Job

Mike
    $300 24
Body

Lee
    $400 19
Huey Long

Lee
    $400 29
Contractor

Mike
    $400 20
Wildcat

Lee
    $400 7
Buffalo Bills

Lee
    $400 12
David

Cheryl
    $400 25
The editor

Mike
    $500 23
League of Nations

Mike
    $500 30
Window glazier

Lee
    $500 21
American Stock Exchange

Lee
    $500 8
New England Patriots

Mike
    $500 13
Nebuchadnezzar

Mike
    $500 28
Reference

Mike

Scores at the first commercial break (after clue 16):

Lee Mike Cheryl
$1,400 $2,000 $200

Scores at the end of the Jeopardy! Round:

Lee Mike Cheryl
$4,000 $4,300 $400

Double Jeopardy! Round responses

EUROPEAN GEOGRAPHY
ALL "DE" BEST PEOPLE
MOVIE MUSICALS
SECOND LADIES' FIRST NAMES
(Alex: We want the first names of wives of vice presidents.)
ART HISTORY
LETTER PERFECT
(Alex: Each correct response will be a letter of the alphabet.)
    $200 29
Mountain range

Lee
    $200 8
Robert De Niro

Mike
    $200 2
Hair

Triple Stumper
    $200 22
Mary

Cheryl
    $200 17
Brush strokes

Triple Stumper
    $200 1
O

Lee
    $400 4
Turkey

Lee
    $400 9
Alexis de Tocqueville

Cheryl
    $400 3
Mulan

Mike
    $400 23
(L: Who is Lady Bird?)

There was no Mrs. - he was never married

Lee
Triple Stumper
    $400 18
Diptych

Cheryl
    $400 13
(C: What is minus eight?)

T

Cheryl
Triple Stumper
    $600 27
Spain

Lee
    $800 10
Agnes DeMille

Cheryl
    $600 5
South Park

Lee
    $600 24
Marilyn

Lee
    $600 19
Abstract expressionism

Triple Stumper
    $600 14
X

Cheryl
    $600 28
(L: What is Dover?)

Hampshire

Lee
    $800 11
Willem de Kooning

Lee
    $800 6
Royal Wedding

Triple Stumper
    $800 25
Happy

Lee
    $800 20
Neoclassicism

Triple Stumper
    $800 15
(C: What is Y?)
(M: What is P?)

P

MikeCheryl
Triple Stumper
    $1000 30
Zermatt

Triple Stumper
    $1000 12
Eamon de Valera

Triple Stumper
    $1000 7
A Star is Born

Cheryl
    $1000 26
Muriel

Mike
    $1000 21
(C: What is propaganda?)
(Alex: We're done with that category...Thank God!)

Realism

Cheryl
Triple Stumper
    $1000 16
D (the Latin coin was the denarius)

Triple Stumper

Scores at the end of the Double Jeopardy! Round:

Lee Mike Cheryl
$7,200 $5,100 $1,600

[wagering suggestions for these scores]

Final Jeopardy! Round responses

FRONT PAGE HISTORY
CherylWhat is ?
$0
MikeWhat is Hiroshima
$800
LeeWhat is Hiroshima
$3,100
Hiroshima (story about the dropping of the first atomic bomb)

Final scores:

Lee Mike Cheryl
$10,300 $5,900 $1,600
4-day champion: $48,700 2nd place: Trip to Red Mountain Resort & Spa, Utah 3rd place: VTech Cordless Phones

Game dynamics:

Coryat scores:

Lee Mike Cheryl
$7,800 $5,100 $1,400
21 R,
2 W
(including 1 DD)
17 R
(including 1 DD),
1 W
9 R
(including 1 DD),
4 W

Combined Coryat: $14,300

[game clues] [game scores] [suggest correction]

Game tape date: 1999-11-16
The J! Archive is created by fans, for fans. Scraping, republication, monetization, and malicious use prohibited; this site may use cookies and collect identifying information. See terms. The Jeopardy! game show and all elements thereof, including but not limited to copyright and trademark thereto, are the property of Jeopardy Productions, Inc. and are protected under law. This website is not affiliated with, sponsored by, or operated by Jeopardy Productions, Inc. Join the discussion at JBoard.tv.